[Event "Catalunya-chT Gp2"]
[Site "Barcelona"]
[Date "2024.02.03"]
[Round "3.7"]
[White "Casares Bonals, Ainhoa"]
[Black "Bosque Ortega, Xavier"]
[Result "0-1"]
[WhiteElo "1907"]
[BlackElo "2187"]
[PlyCount "100"]
[EventDate "2024.01.20"]
[EventType "team-tourn"]
[EventRounds "7"]
[EventCountry "ESP"]
[SourceTitle "CB11_2024"]
[SourceDate "2024.03.13"]
[SourceVersion "1"]
[SourceVersionDate "2024.03.13"]
[SourceQuality "1"]
[WhiteTeam "Llinars"]
[BlackTeam "Barbera"]
[WhiteTeamCountry "ESP"]
[BlackTeamCountry "ESP"]

1. e4 c6 2. d4 d5 3. exd5 cxd5 4. Bd3 Nc6 5. c3 g6 6. h3 Bg7 7. Nf3 Nf6 8. 0-0 0-0 9. Nbd2 Bf5 10. Be2 a6 11. Nb3 Ne4 12. Bf4 b5 13. Re1 Qb6 14. Rc1 a5 15. Nbd2 Rfd8 16. Be3 Nxd2 17. Qxd2 a4 18. Bf4 Na5 19. Bf1 Ra7 20. Qe2 Nc4 21. g4 Be6 22. Bg2 b4 23. Ng5 bxc3 24. bxc3 Ra6 25. Nxe6 Qxe6 26. Qf3 Qd7 27. Rb1 e6 28. h4 Rc8 29. h5 Rac6 30. Rb4 Na3 31. Rc1 Rc4 32. Rxc4 Nxc4 33. h6 Bf8 34. g5 Qb7 35. Bh3 Rc6 36. Re1 Rb6 37. Qd3 a3 38. Bf1 Nd6 39. Bxd6 Bxd6 40. c4 dxc4 41. Qxc4 Rb4 42. Qc3 Qd5 43. Bg2 Qxg5 44. d5 e5 45. Qc8+ Bf8 46. d6 Rg4 47. Qa8 e4 48. d7 Rxg2+ 49. Kf1 Rg1+ 50. Ke2 Qb5+ 0-1

[Event "Catalunya-chT Gp2"]
[Site "Barcelona"]
[Date "2024.01.20"]
[Round "1.10"]
[White "Casares Bonals, Ainhoa"]
[Black "Travesset Ribera, Daniel"]
[Result "1/2-1/2"]
[WhiteElo "1907"]
[BlackElo "2107"]
[PlyCount "67"]
[EventDate "2024.01.20"]
[EventType "team-tourn"]
[EventRounds "7"]
[EventCountry "ESP"]
[SourceTitle "CB06_2024"]
[SourceDate "2024.02.07"]
[SourceVersion "1"]
[SourceVersionDate "2024.02.07"]
[SourceQuality "1"]
[WhiteTeam "Llinars"]
[BlackTeam "Sant Andreu"]
[WhiteTeamCountry "ESP"]
[BlackTeamCountry "ESP"]

1. e4 c5 2. Nf3 Nc6 3. Bb5 e5 4. 0-0 Nge7 5. c3 g6 6. d4 exd4 7. cxd4 cxd4 8. Nxd4 Bg7 9. Be3 0-0 10. Nc3 d5 11. Bxc6 bxc6 12. exd5 cxd5 13. Re1 Re8 14. Bf4 a6 15. Na4 Bd7 16. Rc1 Bxa4 17. Qxa4 Qb6 18. Nf3 Qb5 19. Qxb5 axb5 20. Rc7 Nf5 21. Rxe8+ Rxe8 22. h3 Bxb2 23. Rd7 b4 24. Rxd5 Ra8 25. Rb5 Bc3 26. g4 Ng7 27. Bd6 Ne6 28. Bxb4 Bxb4 29. Rxb4 Rxa2 30. Kg2 Ra7 31. Kg3 h6 32. h4 Kg7 33. Ne5 Ra5 34. Nf3 1/2-1/2

[Event "ESP-chT CECLUB Div2"]
[Site "Linares"]
[Date "2021.08.12"]
[Round "6.6"]
[White "Casares Bonals, Ainhoa"]
[Black "De la Pena Garcia, Blanca"]
[Result "1/2-1/2"]
[WhiteElo "1773"]
[BlackElo "1871"]
[PlyCount "62"]
[EventDate "2021.08.09"]
[EventType "team-swiss"]
[EventRounds "7"]
[EventCountry "ESP"]
[SourceTitle "CBM 203 Extra"]
[Source "ChessBase"]
[SourceDate "2021.09.30"]
[SourceVersion "1"]
[SourceVersionDate "2021.09.30"]
[SourceQuality "1"]
[WhiteTeam "Llinars Escacs"]
[BlackTeam "San Sebastian de los Reyes"]
[WhiteTeamCountry "ESP"]
[BlackTeamCountry "ESP"]

1. e4 c5 2. Nf3 d6 3. d4 cxd4 4. Nxd4 Nf6 5. Nc3 a6 6. Be2 e5 7. Nf3 Be7 8. Bg5 0-0 9. 0-0 Nbd7 10. a4 b6 11. Re1 Bb7 12. Bc4 Qc7 13. Ba2 h6 14. Bh4 Rac8 15. Nd2 Rfd8 16. Nf1 Nc5 17. Bxf6 Bxf6 18. Bd5 Be7 19. Ne3 Bf8 20. Qg4 Kh8 21. Bxb7 Qxb7 22. Ncd5 Ne6 23. c3 b5 24. a5 g6 25. Qh4 Bg7 26. Ng4 h5 27. Nge3 Bh6 28. Qf6+ Bg7 29. Qh4 Bh6 30. Qf6+ Bg7 31. Qh4 Bh6 1/2-1/2

[Event "ESP-ch U16"]
[Site "Salobrena"]
[Date "2021.07.22"]
[Round "6"]
[White "Rodriguez Avila, Alvaro"]
[Black "Casares Bonals, Ainhoa"]
[Result "1-0"]
[WhiteElo "1911"]
[BlackElo "1764"]
[PlyCount "75"]
[EventDate "2021.07.19"]
[EventType "swiss"]
[EventRounds "9"]
[EventCountry "ESP"]
[SourceTitle "EXT 2022"]
[Source "ChessBase"]
[SourceDate "2021.10.06"]
[SourceVersion "1"]
[SourceVersionDate "2021.10.06"]
[SourceQuality "1"]

1. e4 c5 2. Nf3 d6 3. d4 cxd4 4. Nxd4 Nf6 5. Nc3 a6 6. Bg5 e6 7. f4 h6 8. Bh4 Qb6 9. a3 Be7 10. Bf2 Qc7 11. Qf3 b5 12. 0-0-0 Nbd7 13. g4 g5 14. fxg5 Ne5 15. Qg2 Nfxg4 16. g6 Bg5+ 17. Kb1 fxg6 18. Bxb5+ Ke7 19. Rhf1 Bb7 20. h4 Be3 21. Bxe3 Nxe3 22. Qh3 N5g4 23. Be2 h5 24. Bxg4 Nxg4 25. Qd3 Ne5 26. Qe3 Rhf8 27. Qg5+ Kd7 28. Qxe5 dxe5 29. Ndb5+ Kc6 30. Nxc7 Kxc7 31. Kc1 Rf4 32. Rg1 Rg8 33. Rg5 Bxe4 34. Rxe5 Bf5 35. Rc5+ Kb6 36. b4 Rxh4 37. Rd7 a5 38. Na4+ 1-0

[Event "Llinars del Valles op 1st"]
[Site "Llinars del Valles"]
[Date "2021.07.02"]
[Round "8"]
[White "Dominguez Laguna, Didac"]
[Black "Casares Bonals, Ainhoa"]
[Result "1/2-1/2"]
[WhiteElo "1467"]
[BlackElo "1772"]
[PlyCount "62"]
[EventDate "2021.06.25"]
[EventType "swiss"]
[EventRounds "9"]
[EventCountry "ESP"]
[SourceTitle "CBM 203 Extra"]
[Source "ChessBase"]
[SourceDate "2021.09.30"]
[SourceVersion "1"]
[SourceVersionDate "2021.09.30"]
[SourceQuality "1"]

1. e4 c5 2. g3 d5 3. Bg2 dxe4 4. Nc3 Nf6 5. Nxe4 Nxe4 6. Bxe4 g6 7. Qf3 Qc7 8. h4 h5 9. d3 Bg4 10. Qg2 Nc6 11. Bf4 Qb6 12. Bxc6+ Qxc6 13. Qxc6+ bxc6 14. Be5 Rg8 15. Kd2 Kd7 16. f3 Bf5 17. Ne2 f6 18. Bc3 e5 19. Raf1 Bd6 20. f4 Ke6 21. fxe5 fxe5 22. Re1 Kd5 23. b3 Rae8 24. Bb2 Bb8 25. Nc3+ Kd6 26. Ne4+ Bxe4 27. Rxe4 Rgf8 28. Ke2 Rf5 29. Rf1 Rxf1 30. Kxf1 Rf8+ 31. Ke2 Kd5 1/2-1/2

[Event "Llinars del Valles op 1st"]
[Site "Llinars del Valles"]
[Date "2021.06.25"]
[Round "1"]
[White "Casares Bonals, Ainhoa"]
[Black "Romero Kovina, Daniel"]
[Result "1-0"]
[WhiteElo "1772"]
[BlackElo "1336"]
[PlyCount "111"]
[EventDate "2021.06.25"]
[EventType "swiss"]
[EventRounds "9"]
[EventCountry "ESP"]
[SourceTitle "CBM 203 Extra"]
[Source "ChessBase"]
[SourceDate "2021.09.30"]
[SourceVersion "1"]
[SourceVersionDate "2021.09.30"]
[SourceQuality "1"]

1. e4 c5 2. Nf3 e6 3. d4 cxd4 4. Nxd4 a6 5. Bd3 Qc7 6. 0-0 Bc5 7. Nb3 Be7 8. Nc3 b5 9. Bd2 Bb7 10. Qe2 Nc6 11. Kh1 Nf6 12. f4 d6 13. Rad1 Rd8 14. a3 d5 15. exd5 Nxd5 16. f5 exf5 17. Bxf5 Nf6 18. Bf4 Qb6 19. Be3 Qc7 20. Bc5 Kf8 21. Bxe7+ Nxe7 22. Bh3 Ned5 23. Nxd5 Bxd5 24. Nd2 Qd6 25. Rde1 Re8 26. Qf2 h5 27. c4 Ng4 28. Bxg4 hxg4 29. Qf4 Qxf4 30. Rxf4 Be6 31. cxb5 axb5 32. Ne4 Rh5 33. Kg1 Ke7 34. Rc1 Reh8 35. Rc7+ Kd8 36. Rc5 Rxh2 37. Rxb5 Rh1+ 38. Kf2 Kc7 39. Ng5 Kc6 40. Rbb4 Bd5 41. Nxf7 R8h2 42. Ne5+ Kd6 43. Nc4+ Kc5 44. Rxg4 Rc1 45. Ne3 Rh7 46. Rg5 Rh6 47. Rxd5+ Kc6 48. Rf5 Re6 49. Rc4+ Rxc4 50. Nxc4 g6 51. Rg5 Rf6+ 52. Ke2 Re6+ 53. Ne3 Kb6 54. Kd3 Kc6 55. a4 Kb6 56. b4 1-0

[Event "Catalunya-ch U10/20"]
[Site "Salou"]
[Date "2020.09.06"]
[Round "2"]
[White "Casares Bonals, Ainhoa"]
[Black "Martin Barcelo, Carles"]
[Result "1/2-1/2"]
[WhiteElo "1800"]
[BlackElo "2202"]
[PlyCount "126"]
[EventDate "2020.09.05"]
[EventType "swiss"]
[EventRounds "8"]
[EventCountry "ESP"]
[SourceTitle "EXT 2023"]
[Source "ChessBase"]
[SourceDate "2022.10.05"]
[SourceVersion "1"]
[SourceVersionDate "2022.10.05"]
[SourceQuality "1"]

1. e4 e6 2. d4 d5 3. Nd2 Be7 4. Bd3 c5 5. dxc5 Nf6 6. exd5 Qxd5 7. Ngf3 Nbd7 8. 0-0 0-0 9. Qe2 Nxc5 10. Bc4 Qh5 11. b3 a6 12. a4 Nd5 13. Bxd5 Qxd5 14. Bb2 Qf5 15. Nc4 Bd7 16. Rfd1 Rad8 17. Ne3 Qe4 18. Rd4 Qc6 19. Rg4 f6 20. Rd4 e5 21. Rdd1 Be6 22. h4 Ne4 23. Qe1 b6 24. Rac1 Bc5 25. c4 h5 26. Nd2 Bb4 27. Nd5 Bxd5 28. cxd5 Qxd5 29. Qxe4 Bxd2 30. Qxd5+ Rxd5 31. Rc6 Rfd8 32. Rxb6 a5 33. Rb5 Rd3 34. Ba3 Kf7 35. Kf1 Kg6 36. Bc5 e4 37. Ke2 R8d5 38. Be3 Rxb5 39. axb5 Rxb3 40. Rxd2 Rxb5 41. Rd4 Kf5 42. Ra4 Rb3 43. Rxa5+ Kg4 44. g3 f5 45. Ra6 Rb2+ 46. Bd2 f4 47. Rg6+ Kh3 48. Rxg7 e3 49. fxe3 fxg3 50. Kf3 Rxd2 51. Rxg3+ Kxh4 52. Rg1 Rd8 53. Rh1+ Kg5 54. Rg1+ Kf6 55. Kf4 Rd2 56. Rh1 Rf2+ 57. Kg3 Rf5 58. e4 Rg5+ 59. Kf3 Rb5 60. Kf4 Rg5 61. Rh4 Ra5 62. Rh1 Rg5 63. Rh4 Ra5 1/2-1/2

[Event "ESP-ch U16"]
[Site "Salobrena"]
[Date "2020.08.10"]
[Round "1"]
[White "Casares Bonals, Ainhoa"]
[Black "Yingrui, Lin"]
[Result "0-1"]
[WhiteElo "1748"]
[BlackElo "2116"]
[PlyCount "48"]
[EventDate "2020.08.10"]
[EventType "swiss"]
[EventRounds "9"]
[EventCountry "ESP"]
[SourceTitle "EXT 2021"]
[Source "ChessBase"]
[SourceDate "2020.10.23"]
[SourceVersion "1"]
[SourceVersionDate "2020.10.23"]
[SourceQuality "1"]

1. e4 e5 2. Nf3 Nc6 3. Bc4 Be7 4. 0-0 Nf6 5. Re1 0-0 6. c3 d6 7. h3 Nxe4 8. Rxe4 d5 9. Re1 dxc4 10. Nxe5 Nxe5 11. Rxe5 Bd6 12. Re1 Bf5 13. b3 b5 14. a4 Qh4 15. Qf3 Rae8 16. Re3 Be4 17. Qe2 Bc5 18. bxc4 Bxe3 19. fxe3 f5 20. d3 Bb7 21. Nd2 bxc4 22. Nxc4 Rf6 23. Rb1 Bxg2 24. Qa2 Qe1+ 0-1

[Event "Sant Andreu Tram-B"]
[Site "Barcelona"]
[Date "2019.11.09"]
[Round "7"]
[White "Casares Bonals, Ainhoa"]
[Black "Garcia Ramos, Anais"]
[Result "1-0"]
[WhiteElo "1789"]
[BlackElo "1793"]
[PlyCount "77"]
[EventDate "2019.09.14"]
[EventType "tourn"]
[EventRounds "9"]
[EventCountry "ESP"]
[SourceTitle "CBM 195 Extra"]
[Source "ChessBase"]
[SourceDate "2020.05.31"]
[SourceVersion "1"]
[SourceVersionDate "2020.05.31"]
[SourceQuality "1"]

1. e4 e5 2. Nf3 Nc6 3. Bc4 Bc5 4. 0-0 Nf6 5. d3 0-0 6. c3 d5 7. exd5 Nxd5 8. b4 Be7 9. Bb2 a6 10. Re1 Bf6 11. a4 Bg4 12. Nbd2 Nf4 13. Ne4 Be7 14. h3 Bf5 15. Bc1 Nd5 16. Qb3 Nb6 17. a5 Nxc4 18. dxc4 Qd3 19. Re3 Qd7 20. Ng3 Bf6 21. Ba3 Rfe8 22. Rd1 Qe6 23. Nd4 Nxd4 24. cxd4 Rad8 25. d5 Qd7 26. Bb2 c6 27. Ree1 Qc8 28. dxc6 Rxd1 29. Rxd1 bxc6 30. b5 cxb5 31. Nxf5 Qxf5 32. cxb5 Rb8 33. b6 Qc8 34. Rc1 Qd7 35. Qc4 h6 36. Qxa6 Qb7 37. Qxb7 Rxb7 38. Rc7 Rb8 39. b7 1-0

[Event "Badalona Castella op-B 45th"]
[Site "Badalona"]
[Date "2019.08.07"]
[Round "6.5"]
[White "Casares Bonals, Ainhoa"]
[Black "Bernat, Ernest"]
[Result "1/2-1/2"]
[WhiteElo "1756"]
[BlackElo "1825"]
[PlyCount "131"]
[EventDate "2019.08.02"]
[EventType "swiss"]
[EventRounds "9"]
[EventCountry "ESP"]
[SourceTitle "EXT 2024"]
[Source "ChessBase"]
[SourceDate "2023.10.10"]
[SourceVersion "1"]
[SourceVersionDate "2023.10.10"]
[SourceQuality "1"]

1. e4 e6 2. d4 d5 3. Nd2 dxe4 4. Nxe4 Nd7 5. Nf3 Ngf6 6. Nxf6+ Nxf6 7. Bd3 b6 8. Bb5+ Bd7 9. Qe2 Bxb5 10. Qxb5+ Qd7 11. Qd3 Bd6 12. 0-0 h6 13. c4 0-0 14. b3 Rfd8 15. Bb2 Qe7 16. Rfe1 c6 17. Rad1 Qc7 18. Qc2 Be7 19. Ne5 Nd7 20. f4 Nxe5 21. fxe5 Rd7 22. Re4 Rad8 23. Rg4 Bf8 24. Qe4 Qb7 25. Bc1 Rxd4 26. Rxd4 Rxd4 27. Qe2 Rxg4 28. Qxg4 Kh8 29. Be3 Qd7 30. Qe2 Be7 31. h3 Qd8 32. Kh2 Qc7 33. Bf4 f6 34. Qh5 Kh7 35. Qe2 f5 36. Qh5 Bf6 37. Qe2 Bd8 38. Bd2 Kg6 39. Kg1 Qd7 40. Bc3 Be7 41. Kh2 Bg5 42. g3 Be7 43. g4 fxg4 44. Qxg4+ Kf7 45. Qh5+ Kg8 46. Qf3 a5 47. Qe2 Bc5 48. Be1 Qd4 49. h4 Qg1+ 50. Kh3 Qe3+ 51. Qxe3 Bxe3 52. Kg4 Kf7 53. h5 g6 54. Bg3 g5 55. Kf3 Bc5 56. Be1 Ke8 57. Bc3 Kd7 58. a4 Kc7 59. Bd2 Be7 60. Be3 Kb7 61. Ke4 Ka6 62. Kd3 Bf8 63. Bd2 b5 64. Be3 Be7 65. c5 bxa4 66. bxa4 1/2-1/2

[Event "Llinars del Valles op-A 13th"]
[Site "Llinars del Valles"]
[Date "2019.04.06"]
[Round "2"]
[White "Muntal Corrales, Arnau"]
[Black "Casares Bonals, Ainhoa"]
[Result "1-0"]
[WhiteElo "1553"]
[BlackElo "1962"]
[PlyCount "129"]
[EventDate "2019.03.30"]
[EventType "swiss"]
[EventRounds "8"]
[EventCountry "ESP"]
[SourceTitle "EXT 2020"]
[Source "ChessBase"]
[SourceDate "2019.10.17"]
[SourceVersion "1"]
[SourceVersionDate "2019.10.17"]
[SourceQuality "1"]

1. e4 c5 2. Nf3 d6 3. b3 Nf6 4. d3 Nbd7 5. c4 b6 6. Bb2 Bb7 7. Nc3 e6 8. g3 Be7 9. Bg2 0-0 10. 0-0 a6 11. Re1 Qc7 12. e5 dxe5 13. Nxe5 Bxg2 14. Nxd7 Bb7 15. Nxf8 Rxf8 16. Ne4 Nxe4 17. dxe4 f5 18. f3 fxe4 19. fxe4 Bf6 20. Bxf6 Rxf6 21. Rf1 Rxf1+ 22. Qxf1 Bxe4 23. Qe2 Qe5 24. Re1 Qd4+ 25. Qf2 Bf5 26. Qxd4 cxd4 27. Kg2 Kf7 28. Kf3 h5 29. Kf4 Kf6 30. h4 Bc2 31. b4 Bd3 32. c5 bxc5 33. bxc5 Bb5 34. Ke4 d3 35. c6 d2 36. Rd1 Bxc6+ 37. Ke3 g5 38. Rxd2 gxh4 39. gxh4 Kf5 40. Rd6 Bb5 41. Rd4 e5 42. Rb4 Bc6 43. a3 Bb5 44. a4 Bd7 45. a5 Bb5 46. Re4 Bc6 47. Rc4 Bb5 48. Rc5 Bd7 49. Kf3 Be6 50. Ke3 Bd7 51. Rc7 Bb5 52. Rg7 Kf6 53. Rg5 Be8 54. Ke4 Bc6+ 55. Kd3 Bb5+ 56. Kc3 Be2 57. Kb4 Bf3 58. Kc5 e4 59. Kd4 Bg4 60. Kxe4 Be2 61. Kd5 Bf3+ 62. Kc5 Bd1 63. Kb6 Be2 64. Ka7 Kf7 65. Re5 1-0

[Event "Badalona op 44th"]
[Site "Badalona"]
[Date "2018.08.06"]
[Round "6"]
[White "Casares Bonals, Ainhoa"]
[Black "Palacios Pena, Gerardo"]
[Result "1-0"]
[WhiteElo "1637"]
[BlackElo "1861"]
[PlyCount "76"]
[EventDate "2018.08.01"]
[EventType "swiss"]
[EventRounds "9"]
[EventCountry "ESP"]
[SourceTitle "EXT 2019"]
[Source "ChessBase"]
[SourceDate "2018.10.10"]
[SourceVersion "1"]
[SourceVersionDate "2018.10.10"]
[SourceQuality "1"]

1. e4 c6 2. d4 d5 3. e5 Bf5 4. Nf3 e6 5. Be2 Nd7 6. Nbd2 Ne7 7. 0-0 h6 8. Nb3 Bh7 9. Bd2 Nf5 10. Rc1 Be7 11. c4 dxc4 12. Bxc4 0-0 13. Be2 Nb6 14. Ba5 Qb8 15. Nc5 Bxc5 16. dxc5 Nd5 17. Bc3 Qc7 18. Re1 Rfe8 19. Qb3 Red8 20. Nd2 Nxc3 21. Qxc3 Rd7 22. Nc4 Ne7 23. Bh5 Nd5 24. Qg3 Ne7 25. Bg4 Rd3 26. Re3 Rxe3 27. Qxe3 Bf5 28. Bf3 Nd5 29. Qb3 Rb8 30. Nd6 Bg6 31. Bxd5 cxd5 32. Qc3 Qc6 33. b4 Qa4 34. b5 d4 35. Qd2 d3 36. c6 bxc6 37. bxc6 Qa6 38. c7 Rc8 1-0

[Event "Llinars del Valles op-A 12th"]
[Site "Llinars del Valles"]
[Date "2018.06.09"]
[Round "8"]
[White "Ruiz Lupon, Neri"]
[Black "Casares Bonals, Ainhoa"]
[Result "1/2-1/2"]
[WhiteElo "1646"]
[BlackElo "1642"]
[PlyCount "146"]
[EventDate "2018.04.14"]
[EventType "swiss"]
[EventRounds "8"]
[EventCountry "ESP"]
[SourceTitle "EXT 2019"]
[Source "ChessBase"]
[SourceDate "2018.10.10"]
[SourceVersion "1"]
[SourceVersionDate "2018.10.10"]
[SourceQuality "1"]

1. e4 c5 2. Nf3 d6 3. Bb5+ Nd7 4. 0-0 a6 5. Bxd7+ Qxd7 6. c3 Nf6 7. Re1 b5 8. d4 Bb7 9. Nbd2 g6 10. e5 dxe5 11. Nxe5 Qd5 12. Ndf3 Bg7 13. Be3 cxd4 14. Bxd4 0-0 15. Nd3 Rfe8 16. Nc5 Bc6 17. Qe2 e5 18. Be3 Ng4 19. Red1 Qc4 20. Qxc4 bxc4 21. Rd6 Rec8 22. Nd7 Nxe3 23. fxe3 Bxd7 24. Rxd7 Rab8 25. Rb1 Kf8 26. Ra7 Rc6 27. Ng5 f6 28. Ne4 Rcb6 29. a4 Bh6 30. Re1 Rxb2 31. Nxf6 R8b7 32. Rxa6 Bg5 33. Ne4 Be7 34. Kf1 Ra2 35. Re2 Rb1+ 36. Kf2 Ra3 37. Nd2 Rba1 38. Nxc4 Rxa4 39. Rxa4 Rxa4 40. Nxe5 Ra5 41. Nf3 Kf7 42. Nd4 Bd6 43. h3 Kf6 44. g4 Rc5 45. Rc2 Ke5 46. Kf3 Rc8 47. e4 Rf8+ 48. Ke3 Rf1 49. Nf3+ Kf6 50. g5+ Ke6 51. Nd4+ Ke5 52. Nf3+ Ke6 53. Rf2 Bf4+ 54. Ke2 Rc1 55. Kd3 Rd1+ 56. Kc4 Rh1 57. h4 Bg3 58. Rg2 Bxh4 59. Nxh4 Rxh4 60. Kd4 Rh1 61. Rg3 Rd1+ 62. Ke3 Ke5 63. Rg4 Re1+ 64. Kd3 Rd1+ 65. Kc2 Re1 66. Kd3 Rd1+ 67. Ke3 Re1+ 68. Kd3 Rd1+ 69. Ke2 Rc1 70. Kd2 Ra1 71. Ke2 Rc1 72. Kd2 Ra1 73. Ke2 Rc1 1/2-1/2

[Event "Llinars del Valles op-A 12th"]
[Site "Llinars del Valles"]
[Date "2018.04.21"]
[Round "2"]
[White "Rojano Cano, Francisco Jose"]
[Black "Casares Bonals, Ainhoa"]
[Result "1-0"]
[WhiteElo "2106"]
[BlackElo "1642"]
[PlyCount "57"]
[EventDate "2018.04.14"]
[EventType "swiss"]
[EventRounds "8"]
[EventCountry "ESP"]
[SourceTitle "CBM 184 Extra"]
[Source "ChessBase"]
[SourceDate "2018.06.28"]
[SourceVersion "1"]
[SourceVersionDate "2018.06.28"]
[SourceQuality "1"]

1. e4 c5 2. Nf3 d6 3. Bc4 Nf6 4. Nc3 a6 5. a4 e6 6. 0-0 Be7 7. d4 cxd4 8. Nxd4 0-0 9. Be3 Re8 10. a5 Nbd7 11. Bxe6 Nc5 12. Bxc8 Rxc8 13. f3 Qc7 14. Nf5 Bf8 15. Bf4 Rcd8 16. Bg5 Ncd7 17. Nd5 Qc5+ 18. Kh1 Rc8 19. Bxf6 Nxf6 20. Nxf6+ gxf6 21. c3 Kh8 22. Qd3 Qe5 23. Rfd1 Red8 24. Qd5 Rb8 25. Qxf7 b6 26. Rd5 Qe8 27. Qxf6+ Kg8 28. Nh6+ Bxh6 29. Qxh6 1-0

[Event "Llinars del Valles op 11th B"]
[Site "Llinars del Valles"]
[Date "2017.06.03"]
[Round "7.19"]
[White "Casares Bonals, Ainhoa"]
[Black "Gonzalez Moreno, Antoni"]
[Result "0-1"]
[WhiteElo "1399"]
[BlackElo "1734"]
[PlyCount "64"]
[EventDate "2017.04.22"]
[EventType "swiss"]
[EventRounds "9"]
[EventCountry "ESP"]
[SourceTitle "EXT 2024"]
[Source "ChessBase"]
[SourceDate "2023.10.10"]
[SourceVersion "1"]
[SourceVersionDate "2023.10.10"]
[SourceQuality "1"]

1. e4 c5 2. Nf3 d6 3. d4 cxd4 4. Nxd4 Nf6 5. Nc3 a6 6. Be3 e6 7. f3 Qc7 8. Bd3 Be7 9. 0-0 Nbd7 10. a4 0-0 11. a5 b6 12. axb6 Nxb6 13. Qe2 d5 14. Bxa6 Bxa6 15. Rxa6 Nc4 16. Rxa8 Rxa8 17. b3 Nxe3 18. Qxe3 Bc5 19. f4 e5 20. fxe5 Qxe5 21. Nce2 Ng4 22. Qf4 Bxd4+ 23. Nxd4 Qxd4+ 24. Kh1 Nf6 25. Qf3 Qxe4 26. Qxe4 Nxe4 27. g3 Rc8 28. Rc1 d4 29. Re1 f5 30. Re2 Kf7 31. Kg2 g5 32. g4 Kf6 0-1

[Event "Catalunya-ch (Women)"]
[Site "Amposta"]
[Date "2017.04.14"]
[Round "2.6"]
[White "Sanchez Gilabert, Andrea"]
[Black "Casares Bonals, Ainhoa"]
[Result "1/2-1/2"]
[WhiteElo "1551"]
[BlackElo "1399"]
[PlyCount "86"]
[EventDate "2017.04.14"]
[EventType "swiss"]
[EventRounds "5"]
[EventCountry "ESP"]
[SourceTitle "EXT 2024"]
[Source "ChessBase"]
[SourceDate "2023.10.10"]
[SourceVersion "1"]
[SourceVersionDate "2023.10.10"]
[SourceQuality "1"]

1. d4 Nf6 2. Nf3 g6 3. c4 d5 4. Nc3 Bg7 5. cxd5 Nxd5 6. e4 Nxc3 7. bxc3 c5 8. Be2 0-0 9. 0-0 Nc6 10. Be3 cxd4 11. cxd4 b6 12. Rc1 Bb7 13. d5 Ne5 14. Nxe5 Bxe5 15. Bh6 Bg7 16. Bxg7 Kxg7 17. Qd4+ Kg8 18. Kh1 Qd7 19. f4 e6 20. d6 Rfd8 21. e5 Rac8 22. Qb4 Bc6 23. Ba6 Rb8 24. Qc4 Bd5 25. Qb5 Qxb5 26. Bxb5 Bxa2 27. Ra1 Bd5 28. Rxa7 Rbc8 29. Rc7 Rxc7 30. dxc7 Ra8 31. Rc1 Bb7 32. Bd7 Bc8 33. Bxc8 Rxc8 34. Kg1 Kf8 35. Rc6 b5 36. Rb6 Rxc7 37. Rxb5 Kg7 38. Kf2 Rc2+ 39. Kf3 Rc3+ 40. Ke4 Rc4+ 41. Ke3 Rc3+ 42. Kd2 Ra3 43. Rb2 Ra4 1/2-1/2

[Event "Roncana op-B 10th"]
[Site "Santa Eulalia de Roncana"]
[Date "2016.09.24"]
[Round "1"]
[White "Sanchez Viana, Jordi"]
[Black "Casares Bonals, Ainhoa"]
[Result "1-0"]
[WhiteElo "1596"]
[BlackElo "1197"]
[PlyCount "95"]
[EventDate "2016.09.24"]
[EventType "swiss"]
[EventRounds "8"]
[EventCountry "ESP"]
[SourceTitle "EXT 2018"]
[Source "ChessBase"]
[SourceDate "2017.10.13"]
[SourceVersion "1"]
[SourceVersionDate "2017.10.13"]
[SourceQuality "1"]

1. e4 c5 2. d4 cxd4 3. c3 dxc3 4. Nxc3 Nc6 5. Nf3 g6 6. Bc4 Bg7 7. 0-0 Nf6 8. e5 Ng4 9. Bxf7+ Kf8 10. Bb3 Ngxe5 11. Bg5 Nxf3+ 12. Qxf3+ Bf6 13. Bh6+ Ke8 14. Bg7 Rf8 15. Bxf8 Kxf8 16. Rad1 b6 17. Qxc6 dxc6 18. Rxd8+ Kg7 19. Re1 a5 20. Re3 e5 21. Rg8+ Kh6 22. Ne4 Bg5 23. Nxg5 Kxg5 24. Rxe5+ Kf6 25. Ree8 a4 26. Rxc8 Rxc8 27. Rxc8 axb3 28. Rxc6+ Ke5 29. Rxb6 bxa2 30. Ra6 Kd4 31. Rxa2 Kc4 32. Ra7 Kb3 33. Rxh7 Kxb2 34. Rg7 Kc3 35. Rxg6 Kd4 36. h4 Ke5 37. h5 Kf5 38. g4+ Kf4 39. h6 Ke4 40. h7 Ke5 41. h8Q+ Kd5 42. Qh5+ Kd4 43. f4 Ke3 44. f5 Kf4 45. f6 Kg3 46. f7 Kf4 47. f8R+ Kg3 48. Qh2# 1-0

[Event "Roncana op-C 9th"]
[Site "Santa Eulalia de Roncana"]
[Date "2015.11.21"]
[Round "7"]
[White "Casares Bonals, Ainhoa"]
[Black "De Lomas Busquets, Alba"]
[Result "0-1"]
[WhiteElo "1750"]
[BlackElo "1706"]
[PlyCount "74"]
[EventDate "2015.10.03"]
[EventType "swiss"]
[EventRounds "8"]
[EventCountry "ESP"]
[SourceTitle "EXT 2017"]
[Source "ChessBase"]
[SourceDate "2016.10.25"]
[SourceVersion "1"]
[SourceVersionDate "2016.10.25"]
[SourceQuality "1"]

1. e4 e5 2. Nf3 Nc6 3. Bc4 Bc5 4. c3 Nf6 5. d4 d6 6. dxc5 0-0 7. 0-0 Nxe4 8. Re1 Nxc5 9. Nbd2 Be6 10. Bb5 Ne7 11. Ne4 Nxe4 12. Rxe4 Bd5 13. Re1 c6 14. Bd3 e4 15. Bxe4 Bxe4 16. Rxe4 d5 17. Re1 Ng6 18. b3 b5 19. Ba3 Re8 20. Rxe8+ Qxe8 21. Rc1 Qe4 22. Rc2 Qg4 23. h3 Qh5 24. Re2 Nf4 25. Re5 Qg6 26. Rg5 Qf6 27. Re5 Qg6 28. Nh4 Qf6 29. Nf3 h6 30. Qe1 Nd3 31. Re8+ Rxe8 32. Qxe8+ Kh7 33. Qd7 Nf4 34. Qxa7 Qg6 35. Nh4 Ne2+ 36. Kh1 Qb1+ 37. Kh2 Qg1# 0-1

[Event "Roncana op-C 9th"]
[Site "Santa Eulalia de Roncana"]
[Date "2015.10.31"]
[Round "4"]
[White "Krasic Moreno, Nikola"]
[Black "Casares Bonals, Ainhoa"]
[Result "1-0"]
[WhiteElo "1706"]
[BlackElo "1750"]
[PlyCount "87"]
[EventDate "2015.10.03"]
[EventType "swiss"]
[EventRounds "8"]
[EventCountry "ESP"]
[SourceTitle "EXT 2017"]
[Source "ChessBase"]
[SourceDate "2016.10.25"]
[SourceVersion "1"]
[SourceVersionDate "2016.10.25"]
[SourceQuality "1"]

1. d4 Nf6 2. c4 c5 3. Nf3 g6 4. Bf4 Bg7 5. e3 e6 6. Be2 0-0 7. h3 d5 8. 0-0 Nbd7 9. Nc3 a6 10. dxc5 Nxc5 11. Be5 Ncd7 12. Bd6 Re8 13. cxd5 e5 14. e4 Qb6 15. Ba3 Nc5 16. Bxc5 Qxc5 17. Qa4 Bd7 18. Qc4 Qxc4 19. Bxc4 b5 20. Bd3 Rac8 21. Rac1 Bh6 22. Rcd1 b4 23. Nb1 a5 24. b3 a4 25. Bc4 Nxe4 26. Rfe1 f5 27. d6+ Kh8 28. Rd5 Bg7 29. Nbd2 Nxd2 30. Nxd2 e4 31. f3 exf3 32. Rxe8+ Rxe8 33. Nxf3 Bf8 34. Rd1 Rd8 35. Ne5 Kg7 36. g4 Kf6 37. Nf7 Rc8 38. h4 fxg4 39. Rf1+ Kg7 40. Ng5 Bf5 41. d7 Bxd7 42. Rf7+ Kg8 43. Rxh7+ Be6 44. Bxe6# 1-0